Fábulas de La Fontaine para miúdas e miúdos (Record no. 44740)

MARC details
000 -Etiqueta do registo
Valores 00722nam a2200229 4500
010 ## - Número ISBN
ISBN 9789896226817
021 ## - Número do Depósito Legal
Número 386479/15
100 ## - Dados gerais de processamento
Dados gerais 20160713d2015 b y0pory50030103ba
101 0# - Língua de publicação
Língua por
102 ## - País de publicação
País PT
200 1# - Titulo e menção de responsabilidade
Título próprio Fábulas de La Fontaine para miúdas e miúdos
Primeira menção de responsabilidade il. Maria Sassetti
Outras menções de responsabilidade coord. Afonso Reis Cabral
210 #9 - Publicação
Local de publicação [Lisboa]
Nome do editor Alêtheia,
Data de publicação 2015
215 ## - Descrição física 
Paginação / Volumes 40, [2] p.
Outras indicações físicas il.
Dimensões 17 x 24 cm
225 2# - Colecção 
Título próprio da colecção Fábulas
Indicação de volume 2
675 ## - CDU
Notação 087.5
Edição BN
Língua por
702 #1 - Autor secundário
Apelido Sassetti,
Nome Maria,
Datas 1986-
Função 440
702 #1 - Autor secundário
Apelido Cabral,
Nome Afonso Reis,
Datas 1990-
Função 340
801 #0 - Fonte de origem
País PT
Agência BN
Regras de catalogação RPC
856 41 - Localização e acesso electrónico 
URL <a href="http://rnod.bnportugal.gov.pt/ImagesBN/winlibimg.aspx?skey=&doc=1936583&img=80738&save=true">http://rnod.bnportugal.gov.pt/ImagesBN/winlibimg.aspx?skey=&doc=1936583&img=80738&save=true</a>
990 ## - Elementos KOHA
Tipo de documento MON
Holdings
Aquisição Empréstimo Código de barras Cota Permissão de empréstimo Tipo de documento
Biblioteca Municipal de Redondo Biblioteca Municipal de Redondo 054108 82-93 FAB   MON

Powered by Koha